Bhagavad-gita; (Record no. 590298)
[ view plain ]
| 000 -LEADER | |
|---|---|
| fixed length control field | 00719cam a2200229 4500 |
| 001 - CONTROL NUMBER | |
| control field | 1339334 |
| 003 - CONTROL NUMBER IDENTIFIER | |
| control field | NUST |
| 005 - DATE AND TIME OF LATEST TRANSACTION | |
| control field | 20220714092924.0 |
| 008 - FIXED-LENGTH DATA ELEMENTS--GENERAL INFORMATION | |
| fixed length control field | 700427s1969 caua 000 0 eng |
| 010 ## - LIBRARY OF CONGRESS CONTROL NUMBER | |
| LC control number | 79092964 |
| 040 ## - CATALOGING SOURCE | |
| Original cataloging agency | DLC |
| Transcribing agency | DLC |
| Modifying agency | DLC |
| 050 00 - LIBRARY OF CONGRESS CALL NUMBER | |
| Classification number | BL1130.A4 |
| Item number | J8 |
| 082 00 - DEWEY DECIMAL CLASSIFICATION NUMBER | |
| Classification number | 294.5924 |
| Author Mark | BHA |
| 130 0# - MAIN ENTRY--UNIFORM TITLE | |
| Uniform title | Bhagavadgītā. |
| Language of a work | English. |
| 9 (RLIN) | 7991 |
| 245 10 - TITLE STATEMENT | |
| Title | Bhagavad-gita; |
| Statement of responsibility, etc. | recension by William Quan Judge, combined with his essays on the Gita. |
| 260 ## - PUBLICATION, DISTRIBUTION, ETC. | |
| Place of publication, distribution, etc. | Pasadena, Calif., |
| Name of publisher, distributor, etc. | Theosophical University Press |
| Date of publication, distribution, etc. | [1969] |
| 300 ## - PHYSICAL DESCRIPTION | |
| Extent | ix, 220 p. |
| Other physical details | illus. |
| Dimensions | 21 cm. |
| 350 ## - PRICE (NR) (BK AM CF MU VM SE) [OBSOLETE] | |
| Price | 4.00 |
| 700 1# - ADDED ENTRY--PERSONAL NAME | |
| Personal name | Judge, William Quan, |
| Dates associated with a name | 1851-1896. |
| 9 (RLIN) | 7992 |
| 906 ## - LOCAL DATA ELEMENT F, LDF (RLIN) | |
| a | 7 |
| b | cbc |
| c | orignew |
| d | u |
| e | ncip |
| f | 19 |
| g | y-gencatlg |
| 942 ## - ADDED ENTRY ELEMENTS (KOHA) | |
| Source of classification or shelving scheme | |
| Koha item type | Book |
| Withdrawn status | Lost status | Source of classification or shelving scheme | Damaged status | Not for loan | Permanent Location | Current Location | Shelving location | Date acquired | Total Checkouts | Total Renewals | Full call number | Barcode | Date last seen | Date last checked out | Price effective from | Koha item type |
|---|---|---|---|---|---|---|---|---|---|---|---|---|---|---|---|---|
| Central Library (CL) | Central Library (CL) | First Floor - Islam | 07/14/2022 | 2 | 6 | 294.5924 BHA | CL3448 | 11/26/2025 | 05/31/2025 | 07/14/2022 | Book |
